Argentina's FIFA World Cup Winning Squads (1978, 1986 & 2022) - Statistics

General Stats
  • This quiz has been taken 60 times
  • The average score is 28 of 73
Answer Stats
# Position Player % Correct
23 GK Emiliano Martínez
98%
22 FW Lautaro Martínez
98%
25 DF Lizandro Martínez
98%
10 FW © Lionel Messi
96%
11 FW Ángel Di María
88%
10 MF © Diego Maradona
88%
9 FW Julián Álvarez
88%
17 MF Alexis Mac Allister
78%
19 DF Nicolás Otamendi
78%
7 MD Rodrigo De Paul
78%
20 MF Enzo Fernández
76%
10 FW Mario Kempes
76%
3 DF Nicolás Tagliafico
75%
13 DF Cristian Romero
73%
8 DF Marcos Acuña
71%
4 DF Gonzalo Montiel
69%
5 MD Leandro Paredes
69%
26 DF Nahuel Molina
69%
21 FW Paulo Dybala
65%
6 DF Daniel Passarella
63%
19 DF © Daniel Passarella
63%
Coach Lionel Scaloni
63%
24 MF Alejandro Gómez
49%
1 GK Franco Armani
49%
12 GK Gerónimo Rulli
49%
11 FW Jorge Valdano
47%
2 DF Juan Foyth
47%
18 MF Guido Rodriguez
43%
7 FW Jorge Burruchaga
41%
15 FW Ángel Correa
39%
5 GK Ubaldo Fillol
39%
16 FW Thiago Almada
35%
6 DF Germán Pezzella
31%
18 GK Nery Pumpido
29%
5 DF José Luis Brown
27%
Coach Carlos Bilardo
25%
19 DF Oscar Ruggeri
25%
2 MF Sergio Batista
25%
14 MF Exequiel Palacios
24%
4 FW Daniel Bertoni
22%
14 FW Leopoldo Luque
22%
20 DF Alberto Tarantini
20%
6 MF Américo Gallego
20%
Coach César Menotti
20%
12 MF Héctor Enrique
20%
16 DF Julio Olarticoechea
20%
9 FW René Houseman
20%
9 DF José Luis Cuciuffo
18%
7 DF Luis Galván
16%
1 MF Norberto Alonso
16%
3 MF Ricardo Bochini
16%
8 MF Rubén Galván
16%
15 DF Jorge Olguin
14%
2 MF Osvaldo Ardiles
14%
14 MF Ricardo Giusti
14%
16 FW Oscar Ortiz
12%
17 FW Pedro Pasculli
12%
11 DF Daniel Killer
10%
21 MF José Daniel Valencia
10%
15 GK Luis Islas
8%
8 DF Néstor Clausen
8%
12 MF Omar Larrosa
8%
13 DF Oscar Garré
8%
22 MF Ricardo Villa
8%
20 MF Carlos Tapia
6%
4 MF Claudio Borghi
6%
3 GK Héctor Baley
6%
22 GK Héctor Zelada
6%
13 GK Ricardo La Volpe
6%
1 FW Sergio Almirón
6%
21 MF Marcelo Trobbiani
4%
17 MF Miguel Oviedo
4%
18 DF Rubén Pagnanini
4%
No matching quizzes found
Score Distribution
Percent of People with Each Score
Percentile by Number Answered
Your Score History
You have not taken this quiz